| 000 | 00818nam a22002297a 4500 | ||
|---|---|---|---|
| 999 |
_c4259 _d4259 |
||
| 003 | AR-CdUCM | ||
| 008 | 190308b ||||| |||| 00| 0 spa d | ||
| 020 | _a84-270-0131-2 | ||
| 040 |
_aMUNICIPALIDAD PROVINCIAL DEL CUSCO _cBIBLIOTECA MUNICIPAL DEL CUSCO |
||
| 082 |
_25ed. _a794.1 / _bAV91 |
||
| 100 |
_aAverbach, Y. _913466 |
||
| 245 | _aFinales de alfil y de caballo / | ||
| 260 |
_aBarcelona : _bEdiciones Martinez Roca, _c1975. |
||
| 300 |
_a236 páginas ; _c20 cm. |
||
| 440 |
_aColecciones escaques. _n2 _913467 |
||
| 505 | _aContenido: Alfil contra peones -- Alfiles de un mismo color -- Alfil de rey contra alfil de dama o viceversa -- Caballo contra peones ... | ||
| 650 |
_aAjedrez _93993 |
||
| 650 |
_aEstrategia y técnicas _913468 |
||
| 650 |
_aPartidas _913469 |
||
| 942 |
_2ddc _cLIBROS |
||
| 945 | _azta | ||